000
00437nam a2200145Ia 4500
008
100122s9999 xx 000 0 und d
082
_b
20458
_a
823
100
_a
मित्तल महेंद्र
245
_a
भिगी पलके
260
_b
भारती साहित्य मंदीर
_c
1968
300
_a
148
630
_a
भिगी पलके
730
_a
भिगी पलके
942
_c
BOOK
999
_c
382876
_d
382873